Sports Quiz

Random Sports or Basketball Quiz
Score 0/21 Timer 02:00
2 Plays Today
State NBA Team % Correct
CaliforniaClippers, Kings, Lakers, ...
98.1%
FloridaHeat, Magic
94.1%
IndianaPacers
92.3%
New YorkKnicks, Nets
91.5%
ArizonaSuns
89.3%
MinnesotaTimberwolves
86.1%
ColoradoNuggets
85.6%
IllinoisBulls
85%
MassachusettsCeltics
84.2%
OklahomaThunder
84.1%
GeorgiaHawks
81.7%
State NBA Team % Correct
OhioCavaliers
79.3%
LouisianaPelicans
77.1%
UtahJazz
76.2%
TexasMavericks, Rockets, Spurs
75.4%
MichiganPistons
75.2%
North CarolinaHornets
71.8%
OregonTrail Blazers
69.8%
Pennsylvania76ers
69%
WisconsinBucks
56.1%
TennesseeGrizzlies
55.8%
Remove Ads.
Support Sporcle.
Get the best of Sporcle when you Go Orange. This ad-free experience offers more features, more stats, and more fun while also helping to support Sporcle. Thank you for becoming a member.

You're not logged in!

Compare scores with friends on all Sporcle quizzes.
OR
Log In

Show Comments

Extras

Top Quizzes Today


Score Distribution

Your Account Isn't Verified!

In order to create a playlist on Sporcle, you need to verify the email address you used during registration. Go to your Sporcle Settings to finish the process.

Report this User

Report this user for behavior that violates our Community Guidelines.

Details: